[Event "Rated Blitz game"]
[Site "?"]
[Date "2021.04.25"]
[Round "?"]
[White "mecanico182"]
[Black "KamranShirazi"]
[Result "0-1"]
[WhiteElo "2413"]
[BlackElo "2519"]
[PlyCount "52"]
[EventDate "2021.??.??"]
[EventType "blitz"]

1. e4 e5 2. Nf3 d5 3. exd5 e4 4. Qe2 Nf6 5. Nc3 Be7 6. Nd4 O-O 7. h3 Nbd7 8. g3
Nb6 9. Bg2 Nbxd5 10. O-O Bc5 11. Nb3 Bb6 12. Nxe4 Re8 13. Nxf6+ Nxf6 14. Qf3 c6
15. c3 Be6 16. d4 Bd5 17. Qf4 Bc7 18. Qg5 h6 19. Qh4 Bxg2 20. Kxg2 Re4 21. f4
Qd5 22. Kg1 Re2 23. Rf2 Re1+ 24. Rf1 Rxf1+ 25. Kxf1 Qf3+ 26. Kg1 Ne4 {Normal}
0-1

[Event "Rated Blitz tournament gbXWUgrm"]
[Site "?"]
[Date "2021.04.25"]
[Round "?"]
[White "Anonymous_Warrior"]
[Black "dr_xStranger"]
[Result "0-1"]
[WhiteElo "2406"]
[BlackElo "2534"]
[PlyCount "60"]
[EventDate "2021.??.??"]
[EventType "blitz"]

1. e4 e5 2. Nf3 d5 3. Nc3 dxe4 4. Nxe4 Nc6 5. Bc4 Bd6 6. O-O Nf6 7. d3 Nxe4 8.
dxe4 O-O 9. Ng5 h6 10. Nxf7 Rxf7 11. f4 Bc5+ 12. Kh1 Qxd1 13. Rxd1 Bg4 14. Rd5
Bd6 15. Rb5 exf4 16. h3 Bd7 17. Bd2 Ne5 18. Bxf7+ Kxf7 19. Rxb7 Bc6 20. Rb3 g5
21. Rf1 Bxe4 22. Bxf4 Ke6 23. Re3 Bxg2+ 24. Kxg2 gxf4 25. Rxf4 Rg8+ 26. Rg4 Rf8
27. Rg6+ Kd5 28. Rxh6 Rg8+ 29. Kf1 Bc5 30. Re2 Rg1# {Normal} 0-1

[Event "Rated Blitz game"]
[Site "?"]
[Date "2021.04.25"]
[Round "?"]
[White "julien211003"]
[Black "KamranShirazi"]
[Result "0-1"]
[WhiteElo "2443"]
[BlackElo "2515"]
[PlyCount "60"]
[EventDate "2021.??.??"]
[EventType "blitz"]

1. e4 e5 2. Nf3 d5 3. d4 dxe4 4. Nxe5 Nd7 5. Nxd7 Bxd7 6. Nc3 Nf6 7. Bg5 Bb4 8.
Be2 h6 9. Bh4 O-O 10. O-O Bf5 11. Bxf6 Qxf6 12. Nd5 Qd6 13. Nxb4 Qxb4 14. Rb1
Qa5 15. a3 Rad8 16. c3 Qb6 17. b4 Rfe8 18. Rc1 Qg6 19. Re1 Rd6 20. Bf1 Bg4 21.
Qd2 Rd5 22. Qe3 Rh5 23. g3 Bf3 24. Bg2 Bxg2 25. Kxg2 Qg4 26. Rh1 Qh3+ 27. Kg1
Rf5 28. Re1 Rf3 29. Qd2 e3 30. Rxe3 Rexe3 {Normal} 0-1

[Event "Rated Blitz tournament 0UHPjZIO"]
[Site "?"]
[Date "2021.04.25"]
[Round "?"]
[White "Westerbeck"]
[Black "lavilaine"]
[Result "0-1"]
[WhiteElo "2518"]
[BlackElo "2308"]
[PlyCount "76"]
[EventDate "2021.??.??"]
[EventType "blitz"]

1. e4 e5 2. Nf3 d5 3. exd5 e4 4. Qe2 f5 5. Ne5 Qxd5 6. f4 exf3 7. Nxf3+ Be7 8.
Nc3 Qa5 9. d4 Nc6 10. Bd2 Nf6 11. Qc4 Bd7 12. Nb5 Qb6 13. d5 O-O-O 14. dxc6
Bxc6 15. Nbd4 Bxf3 16. Nxf3 Qxb2 17. Bc3 Qxc2 18. Nd4 Rxd4 19. Qxd4 Re8 20. Bd3
Bc5+ 21. Kf1 Bxd4 22. Bxc2 Bxc3 23. Bxf5+ Kb8 24. Rc1 Bd2 25. Rd1 Bc3 26. g3 b6
27. Kg2 g6 28. Rhf1 gxf5 29. Rxf5 Ne4 30. Kf3 Nd6 31. Rh5 Nc4 32. Rxh7 Ne5+ 33.
Kg2 Bd4 34. Re1 c5 35. Re4 Rf8 36. Kh3 Nf3 37. Ree7 Ng5+ 38. Kg4 Nxh7 {Time
forfeit} 0-1

[Event "Rated Blitz tournament gbXWUgrm"]
[Site "?"]
[Date "2021.04.25"]
[Round "?"]
[White "Saparmyrat"]
[Black "Arkadag2020"]
[Result "0-1"]
[WhiteElo "2631"]
[BlackElo "2515"]
[PlyCount "86"]
[EventDate "2021.??.??"]
[EventType "blitz"]

1. e4 e5 2. Nf3 d5 3. Nxe5 Bd6 4. d4 Nf6 5. exd5 O-O 6. Nc3 c6 7. dxc6 Nxc6 8.
Nxc6 bxc6 9. Be2 Rb8 10. O-O Bf5 11. b3 Re8 12. Bg5 h6 13. Bh4 Qa5 14. Na4 Nd5
15. Bf3 Nc3 16. Nxc3 Qxc3 17. Bg3 Bxg3 18. hxg3 Bxc2 19. Rc1 Bxd1 20. Rxc3 Bxf3
21. gxf3 Re2 22. a4 Rb2 23. Rfc1 R8xb3 24. Rxb3 Rxb3 25. Rxc6 Rxf3 26. Rc8+ Kh7
27. Rc7 a6 28. d5 Rd3 29. Rc5 g5 30. Kf1 Rd4 31. Ra5 Kg7 32. Ke2 Kf6 33. Rxa6+
Ke5 34. d6 h5 35. a5 Rxd6 36. Rxd6 Kxd6 37. Ke3 f6 38. Ke4 Kc5 39. Kf5 Kb5 40.
f4 g4 41. Kxf6 h4 42. gxh4 g3 43. a6 Kxa6 {Normal} 0-1

[Event "Rated Blitz game"]
[Site "?"]
[Date "2021.04.25"]
[Round "?"]
[White "Pilot1980"]
[Black "Engvangchess"]
[Result "0-1"]
[WhiteElo "2442"]
[BlackElo "2307"]
[PlyCount "48"]
[EventDate "2021.??.??"]
[EventType "blitz"]

1. e4 e5 2. Nf3 d5 3. Nxe5 Bd6 4. d4 dxe4 5. Nc4 Nf6 6. Nxd6+ Qxd6 7. c4 O-O 8.
Nc3 Re8 9. Be2 Nc6 10. d5 Ne5 11. O-O Bg4 12. h3 Bf5 13. Nb5 Qd7 14. Bg5 Bxh3
15. Bxf6 gxf6 16. Nxc7 Bxg2 17. Nxa8 Bf3 18. Kh2 Qd6 19. Kh3 f5 20. Rg1+ Kh8
21. Bxf3 Qh6+ 22. Bh5 Nf3 23. Qxf3 exf3 24. Kh4 Re4+ {Normal} 0-1

[Event "Rated Blitz game"]
[Site "?"]
[Date "2021.04.25"]
[Round "?"]
[White "randy_segarra"]
[Black "JellalFernandes"]
[Result "0-1"]
[WhiteElo "2573"]
[BlackElo "2543"]
[PlyCount "68"]
[EventDate "2021.??.??"]
[EventType "blitz"]

1. e4 e5 2. Nf3 d5 3. exd5 Bd6 4. Bb5+ c6 5. dxc6 bxc6 6. Bc4 Nf6 7. d3 O-O 8.
h3 Nbd7 9. O-O Nb6 10. Nbd2 Re8 11. Re1 h6 12. Bb3 a5 13. a4 Bc7 14. Ne4 Bf5
15. Nfd2 Nfd5 16. Qf3 Bg6 17. Nc4 Kh7 18. Bd2 f5 19. Ng3 Nxc4 20. Bxc4 Rf8 21.
Rad1 Qd6 22. Qe2 Rae8 23. Nf1 Bb6 24. Bxd5 cxd5 25. Kh1 f4 26. Nh2 Qc5 27. Ng4
Qxc2 28. Nxe5 f3 29. Qf1 fxg2+ 30. Qxg2 Rxe5 31. Rxe5 Qxd1+ 32. Be1 Bxf2 33.
Re6 Bxd3 34. Kh2 Bxe1 {Normal} 0-1

[Event "Rated Blitz game"]
[Site "?"]
[Date "2021.04.25"]
[Round "?"]
[White "hardtraining"]
[Black "Jomajo"]
[Result "0-1"]
[WhiteElo "2580"]
[BlackElo "2621"]
[PlyCount "64"]
[EventDate "2021.??.??"]
[EventType "blitz"]

1. e4 e5 2. Nf3 d5 3. Nxe5 Bd6 4. d4 dxe4 5. Nc4 Nf6 6. Nxd6+ Qxd6 7. Be2 Nc6
8. c3 O-O 9. Bg5 Nd5 10. Nd2 f5 11. Nc4 Qg6 12. h4 h6 13. Bh5 Qe6 14. Bd2 f4
15. Qb3 e3 16. fxe3 fxe3 17. Nxe3 Nxe3 18. Qxe6+ Bxe6 19. Bxe3 Bd5 20. Rg1 Ne7
21. Be2 Nf5 22. Bf2 Rae8 23. Kd2 Nd6 24. Be3 Ne4+ 25. Kd3 Nd6 26. b3 Re7 27.
Rae1 b5 28. Bc1 Rfe8 29. Bd2 Be4+ 30. Ke3 Bb1+ 31. Kf2 Ne4+ 32. Ke3 Nxc3+ {
Normal} 0-1

[Event "Rated Blitz tournament vbdnqHSt"]
[Site "?"]
[Date "2021.04.25"]
[Round "?"]
[White "Kubas92"]
[Black "dr_xStranger"]
[Result "1-0"]
[WhiteElo "2568"]
[BlackElo "2549"]
[PlyCount "67"]
[EventDate "2021.??.??"]
[EventType "blitz"]

1. e4 e5 2. Nf3 d5 3. exd5 e4 4. Ne5 Qxd5 5. d4 exd3 6. Nxd3 Nf6 7. Nc3 Qf5 8.
Be2 Bd6 9. O-O O-O 10. Be3 Nc6 11. Qd2 Re8 12. Rae1 Qg6 13. Bf3 Bf5 14. Nf4
Bxf4 15. Bxf4 Red8 16. Qc1 Nd4 17. Bxb7 Rab8 18. Bxc7 Rxb7 19. Bxd8 Bh3 20. g3
Nf3+ 21. Kh1 Bxf1 22. Rxf1 Ng4 23. h3 Nge5 24. Qf4 Qc6 25. Qe4 Qd7 26. Kg2 Rxb2
27. Rd1 Qe8 28. Ba5 Rb8 29. Bc7 Rc8 30. Nd5 f6 31. Bd6 Rc4 32. Ne7+ Kf7 33.
Qd5+ Kf8 34. Ng6# {Normal} 1-0

[Event "Rated Blitz tournament vbdnqHSt"]
[Site "?"]
[Date "2021.04.25"]
[Round "?"]
[White "Lex6699"]
[Black "Korshun_2022"]
[Result "0-1"]
[WhiteElo "2496"]
[BlackElo "2273"]
[PlyCount "78"]
[EventDate "2021.??.??"]
[EventType "blitz"]

1. e4 e5 2. Nf3 d5 3. exd5 e4 4. Qe2 Nf6 5. Nc3 Be7 6. Nxe4 O-O 7. Nxf6+ Bxf6
8. d4 Qxd5 9. Qb5 Qe4+ 10. Be3 Qxc2 11. Rc1 a6 12. Rxc2 axb5 13. Bxb5 Rxa2 14.
O-O c6 15. Bc4 Ra5 16. b4 Ra4 17. b5 Bf5 18. Rcc1 h6 19. Ne5 Bxe5 20. dxe5 cxb5
21. Bxb5 Rb4 22. Be2 Re8 23. f4 Nc6 24. Rfd1 g5 25. fxg5 Rxe5 26. Kf2 Rbe4 27.
Rc3 hxg5 28. Bf3 Rb4 29. Bxg5 Be4 30. Bf4 Rf5 31. g3 Rb2+ 32. Ke3 Bxf3 33. Kxf3
Rxh2 34. Rb3 b5 35. Ke4 Rc5 36. Rd6 Re2+ 37. Kf3 Re6 38. Rxe6 fxe6 39. g4 Nd4+
{Normal} 0-1

[Event "Rated Blitz game"]
[Site "?"]
[Date "2021.04.25"]
[Round "?"]
[White "ArdianJashari"]
[Black "Maltinho"]
[Result "1-0"]
[WhiteElo "2551"]
[BlackElo "2586"]
[PlyCount "153"]
[EventDate "2021.??.??"]
[EventType "blitz"]

1. e4 e5 2. Nf3 d5 3. exd5 Bd6 4. d3 Nf6 5. Bg5 h6 6. Bxf6 Qxf6 7. Nc3 O-O 8.
Ne4 Qe7 9. Nxd6 cxd6 10. Be2 f5 11. Qd2 Nd7 12. O-O g5 13. c4 Nf6 14. Nxg5 hxg5
15. Qxg5+ Qg7 16. Qxg7+ Kxg7 17. b4 a5 18. a3 axb4 19. axb4 Bd7 20. g3 b6 21.
f3 f4 22. g4 Rfb8 23. b5 Be8 24. h4 Nd7 25. h5 Kh6 26. Rfb1 Nc5 27. Kf2 Bf7 28.
Ke1 Bg8 29. Kd1 Bh7 30. Kc2 Kg5 31. Kc3 Ra4 32. Rxa4 Nxa4+ 33. Kb4 Nc5 34. Ra1
Bxd3 35. Bxd3 Nxd3+ 36. Kc3 Nc5 37. Ra7 Rg8 38. Rh7 e4 39. fxe4 Nxe4+ 40. Kd4
Nc5 41. Rf7 Kxg4 42. h6 f3 43. Rg7+ Kh5 44. Rxg8 f2 45. Rf8 Kxh6 46. Rxf2 Kg5
47. Rf8 Nd7 48. Rd8 Nc5 49. Rxd6 Nb3+ 50. Kc3 Nc5 51. Rxb6 Na4+ 52. Kb4 Nxb6
53. d6 Kf6 54. c5 Nd5+ 55. Kc4 Ne3+ 56. Kd4 Nf5+ 57. Kd5 Ne3+ 58. Kc6 Nc4 59.
b6 Ke6 60. Kc7 Ne5 61. b7 Nd7 62. c6 Nc5 63. b8=Q Na6+ 64. Kb7 Nc5+ 65. Kb6
Na4+ 66. Ka5 Nc5 67. d7 Kd5 68. d8=Q+ Kc4 69. Qdb6 Nb3+ 70. Qxb3+ Kd4 71. Q8b4+
Ke5 72. Qe3+ Kd5 73. Qbd4+ Kxc6 74. Qec3+ Kb7 75. Qdb4+ Ka7 76. Qc7+ Ka8 77.
Qbb7# {Normal} 1-0

[Event "Rated Blitz tournament gbXWUgrm"]
[Site "?"]
[Date "2021.04.25"]
[Round "?"]
[White "Saparmyrat"]
[Black "Akbas_Kaan"]
[Result "0-1"]
[WhiteElo "2608"]
[BlackElo "2414"]
[PlyCount "144"]
[EventDate "2021.??.??"]
[EventType "blitz"]

1. e4 e5 2. Nf3 d5 3. Nxe5 Bd6 4. d4 dxe4 5. Nc4 Nf6 6. Nc3 O-O 7. Bg5 h6 8.
Bh4 Re8 9. Be2 Nc6 10. O-O Bf5 11. Ne3 Bg6 12. Ncd5 Be7 13. Nxe7+ Nxe7 14. Bxf6
gxf6 15. Bc4 c6 16. f4 f5 17. c3 Nd5 18. Bxd5 cxd5 19. Qb3 Re6 20. Qxd5 Rd6 21.
Qxb7 Rb8 22. Qxa7 Rxb2 23. Rab1 Rdb6 24. Rxb2 Rxb2 25. d5 Qd6 26. c4 Qb4 27.
Rd1 Bh5 28. Rf1 Bf3 29. Qd4 Rd2 30. Qf6 Qc5 31. Re1 Rxg2+ 32. Kf1 Rxh2 33. Qd8+
Kg7 34. Nxf5+ Kh7 35. Ne3 Bh5 36. Qf6 Qc8 37. Qf5+ Qxf5 38. Nxf5 Bf3 39. d6 Rd2
40. c5 Bg4 41. Ne3 Bh3+ 42. Kg1 Rd3 43. Nc4 Be6 44. Ne5 Rd2 45. d7 Bxd7 46.
Nxd7 Rxd7 47. Rxe4 Rc7 48. Rc4 Rb7 49. c6 Rc7 50. Kf2 Kg6 51. Ke3 Kf5 52. Kd4
Ke6 53. Kc5 Rc8 54. Kb6 Kd6 55. c7 Re8 56. Kb7 Re1 57. c8=Q Rb1+ 58. Ka8 Ke7
59. Qd8+ Kxd8 60. Rd4+ Ke7 61. a4 Ra1 62. Rb4 h5 63. Kb7 h4 64. f5 h3 65. Rh4
Ra3 66. f6+ Kxf6 67. Kb6 Kg5 68. Rh8 f5 69. Rg8+ Kf4 70. Rh8 Kf3 71. Rxh3+ Kg2
72. Rxa3 f4 {Time forfeit} 0-1

[Event "Rated Blitz game"]
[Site "?"]
[Date "2021.04.25"]
[Round "?"]
[White "Verandering"]
[Black "magos33"]
[Result "1-0"]
[WhiteElo "2446"]
[BlackElo "2404"]
[PlyCount "113"]
[EventDate "2021.??.??"]
[EventType "blitz"]

1. e4 e5 2. Nf3 d5 3. exd5 e4 4. Qe2 Nf6 5. d3 Be7 6. dxe4 O-O 7. Bf4 Re8 8.
Nbd2 c6 9. dxc6 Nxc6 10. O-O-O Qa5 11. Kb1 Be6 12. Nb3 Qa4 13. e5 Nb4 14. a3
Nfd5 15. axb4 Nxf4 16. Qb5 Bxb3 17. cxb3 Qxb5 18. Bxb5 Red8 19. g3 Nd5 20. Bc4
Nxb4 21. Nd4 Bc5 22. Nb5 Bxf2 23. Nd6 b5 24. Bxf7+ Kh8 25. Be6 Rf8 26. Nf7+ Kg8
27. Rhf1 Bc5 28. Nd6+ Kh8 29. Nxb5 Rae8 30. Rxf8+ Rxf8 31. Bc4 g6 32. e6 Re8
33. Nc7 Re7 34. Nb5 Kg7 35. Nc3 a5 36. Ne4 Be3 37. Re1 Bh6 38. h4 Nc6 39. Nd6
Nd4 40. g4 Bf4 41. Nc8 Re8 42. e7 Kf6 43. g5+ Kf5 44. Bb5 Rxc8 45. e8=Q Rxe8
46. Bxe8 Bg3 47. h5 Bxe1 48. hxg6 hxg6 49. Bd7+ Kxg5 50. Kc1 Nxb3+ 51. Kd1 Bb4
52. Kc2 Nc5 53. Bc8 a4 54. Bh3 a3 55. bxa3 Bxa3 56. Kc3 Ne4+ 57. Kc4 {Time
forfeit} 1-0

[Event "Rated Blitz game"]
[Site "?"]
[Date "2021.04.25"]
[Round "?"]
[White "Maltinho"]
[Black "Jomajo"]
[Result "0-1"]
[WhiteElo "2580"]
[BlackElo "2621"]
[PlyCount "20"]
[EventDate "2021.??.??"]
[EventType "blitz"]

1. e4 e5 2. Nf3 d5 3. exd5 e4 4. Ne5 Qxd5 5. d4 exd3 6. Nxd3 Nc6 7. Nc3 Qa5 8.
Be2 Nf6 9. O-O Bd6 10. Bg5 Qxg5 {Normal} 0-1

[Event "Rated Blitz game"]
[Site "?"]
[Date "2021.04.25"]
[Round "?"]
[White "DVRazor"]
[Black "Chessbear_163"]
[Result "0-1"]
[WhiteElo "2411"]
[BlackElo "2347"]
[PlyCount "100"]
[EventDate "2021.??.??"]
[EventType "blitz"]

1. e4 e5 2. Nf3 d5 3. exd5 e4 4. Qe2 Nf6 5. d3 Qxd5 6. Nbd2 Nc6 7. Nxe4 Be6 8.
Nxf6+ gxf6 9. Bf4 O-O-O 10. a3 Rg8 11. Qe4 Qa5+ 12. Bd2 Qb6 13. O-O-O Bd6 14.
Be3 Qa5 15. Bd2 Qb6 16. Bc3 f5 17. Qe1 Rge8 18. Kb1 Bxa3 19. Qd2 Bc5 20. Qf4
Bd4 21. Nxd4 Nxd4 22. Kc1 Rd5 23. g3 Red8 24. Bg2 Rb5 25. Rhe1 Qc5 26. Re3 Nc6
27. Rde1 Nb4 28. Re5 Na2+ 29. Kd2 Qb6 30. Rxb5 Qxb5 31. Re5 Qb6 32. Qf3 Nxc3
33. bxc3 c6 34. Bh3 Qc7 35. Qf4 Rd5 36. Rxd5 Qxf4+ 37. gxf4 cxd5 38. Ke3 Kd7
39. Kd4 Kd6 40. c4 dxc4 41. dxc4 b6 42. Bg2 a5 43. Bf1 a4 44. Kc3 Kc5 45. Bd3
a3 46. Kb3 h5 47. Kxa3 h4 48. Kb3 h3 49. Kc3 f6 50. Kd2 Bd7 {Time forfeit} 0-1

[Event "Rated Blitz tournament 08qwNNht"]
[Site "?"]
[Date "2021.04.25"]
[Round "?"]
[White "Milutin60"]
[Black "dr_xStranger"]
[Result "0-1"]
[WhiteElo "2239"]
[BlackElo "2567"]
[PlyCount "92"]
[EventDate "2021.??.??"]
[EventType "blitz"]

1. e4 e5 2. Nf3 d5 3. d4 dxe4 4. Nxe5 Bd6 5. Nc4 Be7 6. Be2 Nf6 7. O-O O-O 8.
Bg5 Nc6 9. c3 h6 10. Bh4 Nd5 11. Bxe7 Qxe7 12. Ne3 Nxe3 13. fxe3 Qg5 14. Qd2
Ne7 15. Bc4 Nf5 16. Re1 Nh4 17. Kh1 Bg4 18. Na3 Nxg2 19. Be2 Nxe1 20. Rxe1 Bh3
21. Rg1 Qf5 22. Bc4 Qf3+ 23. Rg2 Kh8 24. Qf2 Bxg2+ 25. Qxg2 Qxg2+ 26. Kxg2 c6
27. Be2 f5 28. Nc4 g5 29. Ne5 Kg7 30. b4 f4 31. Kf2 f3 32. Bf1 Rae8 33. Nc4 Rf6
34. Nd2 g4 35. c4 h5 36. c5 h4 37. Bc4 Rg6 38. Nf1 Kf6 39. a4 Re7 40. b5 Reg7
41. a5 g3+ 42. hxg3 hxg3+ 43. Kg1 g2 44. Nd2 f2+ 45. Kxf2 g1=Q+ 46. Ke2 Rg2# {
Normal} 0-1

[Event "Rated Blitz game"]
[Site "?"]
[Date "2021.04.25"]
[Round "?"]
[White "yaguigor"]
[Black "Mv17"]
[Result "0-1"]
[WhiteElo "2537"]
[BlackElo "2597"]
[PlyCount "20"]
[EventDate "2021.??.??"]
[EventType "blitz"]

1. e4 e5 2. Nf3 d5 3. exd5 e4 4. Qe2 Nf6 5. d3 Qxd5 6. Ng5 Be7 7. Nxe4 O-O 8.
Nbc3 Qa5 9. Bg5 Nxe4 10. Bxe7 Nxc3 {Normal} 0-1

[Event "Rated Blitz game"]
[Site "?"]
[Date "2021.04.25"]
[Round "?"]
[White "Batmanli72"]
[Black "magos33"]
[Result "0-1"]
[WhiteElo "2326"]
[BlackElo "2417"]
[PlyCount "92"]
[EventDate "2021.??.??"]
[EventType "blitz"]

1. e4 e5 2. Nf3 d5 3. exd5 e4 4. Qe2 Nf6 5. d3 Qxd5 6. Nc3 Bb4 7. Bd2 Bxc3 8.
Bxc3 O-O 9. dxe4 Nxe4 10. Rd1 Nxc3 11. Rxd5 Nxe2 12. Bxe2 Be6 13. Rd2 c5 14.
O-O Nc6 15. a3 Rad8 16. Rfd1 h6 17. c3 Bb3 18. Rxd8 Rxd8 19. Rxd8+ Nxd8 20. Ne5
Be6 21. Bc4 Bxc4 22. Nxc4 Kf8 23. f4 Ke7 24. Kf2 Nc6 25. Ke3 b5 26. Nd2 Ke6 27.
c4 a6 28. cxb5 axb5 29. g4 Kd5 30. b3 f5 31. h3 fxg4 32. hxg4 g6 33. Nf3 c4 34.
bxc4+ Kxc4 35. Ne5+ Nxe5 36. fxe5 Kd5 37. Kf4 Ke6 38. Ke4 h5 39. gxh5 gxh5 40.
Kf4 h4 41. Kg4 Kxe5 42. Kxh4 Kd4 43. Kg3 Kc3 44. Kf2 Kb3 45. Ke1 Kxa3 46. Kd1
Kb2 {Normal} 0-1

[Event "Rated Blitz game"]
[Site "?"]
[Date "2021.04.25"]
[Round "?"]
[White "Panesso"]
[Black "vitalirapid"]
[Result "1-0"]
[WhiteElo "2568"]
[BlackElo "2418"]
[PlyCount "77"]
[EventDate "2021.??.??"]
[EventType "blitz"]

1. e4 e5 2. Nf3 d5 3. Nxe5 dxe4 4. d4 Nd7 5. Nc3 Nxe5 6. dxe5 Qxd1+ 7. Kxd1 Bf5
8. Bc4 Ne7 9. h3 Nc6 10. g4 Nxe5 11. Bxf7+ Nxf7 12. gxf5 O-O-O+ 13. Bd2 Nd6 14.
Re1 Nxf5 15. Rxe4 Bd6 16. Nb5 Rhe8 17. Rxe8 Rxe8 18. Nxa7+ Kd7 19. Nb5 Bc5 20.
f4 Kc6 21. a4 Ne3+ 22. Bxe3 Rxe3 23. Kd2 Rxh3 24. Rf1 h5 25. c3 Rh2+ 26. Kc1
Rf2 27. Rh1 g6 28. Re1 Rxf4 29. Re6+ Kd7 30. Rxg6 h4 31. Rh6 Rxa4 32. Rh7+ Kc6
33. Nxc7 Rg4 34. Ne6 Be3+ 35. Kc2 Re4 36. Nd8+ Kd5 37. Nxb7 Ke5 38. b4 Kf5 39.
Nd6+ {Normal} 1-0

[Event "Rated Blitz game"]
[Site "?"]
[Date "2021.04.25"]
[Round "?"]
[White "braulio66"]
[Black "pasha1984"]
[Result "1/2-1/2"]
[WhiteElo "2363"]
[BlackElo "2400"]
[PlyCount "146"]
[EventDate "2021.??.??"]
[EventType "blitz"]

1. e4 e5 2. Nf3 d5 3. Nxe5 dxe4 4. d4 Bd6 5. Nc4 Nc6 6. Nxd6+ Qxd6 7. Be3 Nge7
8. Nc3 Bf5 9. Qd2 O-O-O 10. O-O-O Qg6 11. Be2 h5 12. h4 Bg4 13. g3 Bf3 14. Bxf3
exf3 15. Rhe1 Nf5 16. Qd3 Nfxd4 17. Qxg6 fxg6 18. Bxd4 Nxd4 19. Re4 Nf5 20. Rf4
Rxd1+ 21. Nxd1 Re8 22. Rxf3 Re2 23. Rd3 c5 24. Rd2 Re6 25. c3 Kc7 26. Kc2 b5
27. b3 a5 28. Nb2 Rd6 29. Nd3 Rd5 30. Nf4 Rxd2+ 31. Kxd2 Ne7 32. Ne6+ Kd6 33.
Nxg7 Ke5 34. Ne8 Nd5 35. c4 bxc4 36. bxc4 Nb6 37. Kc3 Na4+ 38. Kb3 Nb6 39. Nc7
Kd4 40. Ne6+ Kd3 41. Nxc5+ Ke2 42. Ne4 Kf3 43. c5 Nd5 44. Nc3 Nc7 45. Nd1 Ke2
46. Kc2 a4 47. a3 Nd5 48. Nc3+ Nxc3 49. Kxc3 Kxf2 50. c6 Kxg3 51. c7 g5 52.
c8=Q gxh4 53. Qg8+ Kh2 54. Qg5 h3 55. Qxh5 Kg2 56. Kb4 h2 57. Kxa4 Kh1 58.
Qxh2+ Kxh2 59. Kb5 Kg3 60. a4 Kf4 61. a5 Ke4 62. a6 Kd4 63. a7 Kd3 64. a8=Q Kd4
65. Qf3 Ke5 66. Kc4 Ke6 67. Kd4 Ke7 68. Qd5 Kf6 69. Ke4 Kg6 70. Qe6+ Kg5 71.
Qg8+ Kh4 72. Kf4 Kh5 73. Qg3 Kh6 {Time forfeit} 1/2-1/2

[Event "Rated Blitz tournament gbXWUgrm"]
[Site "?"]
[Date "2021.04.25"]
[Round "?"]
[White "Heisenberg01"]
[Black "dr_xStranger"]
[Result "1-0"]
[WhiteElo "2669"]
[BlackElo "2542"]
[PlyCount "41"]
[EventDate "2021.??.??"]
[EventType "blitz"]

1. e4 e5 2. Nf3 d5 3. Nc3 dxe4 4. Nxe5 Bd6 5. Nc4 Nf6 6. d3 exd3 7. Bxd3 O-O 8.
O-O Re8 9. Bg5 Be7 10. Qf3 Nc6 11. Rad1 Bg4 12. Qf4 Bxd1 13. Rxd1 Kh8 14. Bxh7
Qxd1+ 15. Nxd1 Nxh7 16. Bxe7 Rxe7 17. Nde3 Rd8 18. h3 Nf6 19. Nf5 Re1+ 20. Kh2
g6 21. Qh6+ {Normal} 1-0

[Event "Rated Blitz game"]
[Site "?"]
[Date "2021.04.25"]
[Round "?"]
[White "Udar59"]
[Black "pasha1984"]
[Result "1/2-1/2"]
[WhiteElo "2399"]
[BlackElo "2403"]
[PlyCount "106"]
[EventDate "2021.??.??"]
[EventType "blitz"]

1. e4 e5 2. Nf3 d5 3. Nxe5 dxe4 4. d4 Bd6 5. Nc4 Nc6 6. Nxd6+ Qxd6 7. c3 Nge7
8. g3 Qg6 9. Bg2 Bg4 10. Qc2 Bf5 11. Qe2 O-O-O 12. O-O h5 13. Nd2 Rde8 14. Bxe4
Bxe4 15. Qxe4 f5 16. Qf3 h4 17. Nc4 hxg3 18. fxg3 Qh7 19. Rf2 Kb8 20. Bf4 Qg8
21. Re1 Qxc4 22. Rfe2 Qf7 23. d5 Nd8 24. d6 Ndc6 25. dxe7 Rxe7 26. Rxe7 Nxe7
27. Re5 Nc6 28. Rxf5 Qxa2 29. Be3 Qb1+ 30. Qf1 Qe4 31. Rf8+ Nd8 32. Rxh8 Qxe3+
33. Qf2 Qe7 34. Qd4 Kc8 35. Kg2 b6 36. Rxd8+ Qxd8 37. Qxd8+ Kxd8 38. Kf3 Ke7
39. Ke4 Ke6 40. h4 c5 41. g4 b5 42. b4 cxb4 43. cxb4 a6 44. Kd4 Kd6 45. h5 Ke6
46. g5 Kf5 47. h6 gxh6 48. gxh6 Kg6 49. Kc5 Kxh6 50. Kb6 Kg5 51. Kxa6 Kf5 52.
Kxb5 Ke6 53. Kc6 Ke5 {Time forfeit} 1/2-1/2

[Event "Rated Blitz tournament 0UHPjZIO"]
[Site "?"]
[Date "2021.04.25"]
[Round "?"]
[White "ega2006"]
[Black "lavilaine"]
[Result "1-0"]
[WhiteElo "2437"]
[BlackElo "2317"]
[PlyCount "121"]
[EventDate "2021.??.??"]
[EventType "blitz"]

1. e4 e5 2. Nf3 d5 3. d4 dxe4 4. Nxe5 Bd6 5. Nc4 Nc6 6. Nc3 f5 7. Be2 Nf6 8.
Bg5 O-O 9. Qd2 f4 10. O-O-O e3 11. fxe3 fxe3 12. Bxe3 Bf5 13. Bd3 Ng4 14. Bxf5
Rxf5 15. Rhf1 Rxf1 16. Rxf1 Nxh2 17. Rh1 Ng4 18. Kb1 Nxe3 19. Qxe3 Qf6 20. Nb5
Rf8 21. a3 a6 22. Nbxd6 cxd6 23. c3 d5 24. Nd2 Qf5+ 25. Ka2 b5 26. Nf3 Na5 27.
Qe5 Qxe5 28. Nxe5 Nc4 29. Nxc4 dxc4 30. a4 Rf2 31. axb5 axb5 32. Rg1 h5 33. Ka3
h4 34. b3 g5 35. bxc4 bxc4 36. Kb4 g4 37. Kxc4 Kf7 38. Kd5 h3 39. gxh3 gxh3 40.
c4 h2 41. Rh1 Ke7 42. c5 Kd7 43. Ra1 Rg2 44. Ra7+ Kc8 45. Rh7 Rd2 46. Kc4 Kd8
47. d5 Rc2+ 48. Kb5 Rb2+ 49. Kc6 Ra2 50. d6 Ra6+ 51. Kd5 Ra2 52. c6 Rd2+ 53.
Ke5 Re2+ 54. Kf4 Re6 55. Rh8+ Re8 56. Rxh2 Rf8+ 57. Ke5 Rg8 58. Rh7 Rg5+ 59.
Kf6 Rg8 60. Ra7 Kc8 61. Ra8# {Normal} 1-0

[Event "Rated Blitz tournament xN7IMafH"]
[Site "?"]
[Date "2021.04.25"]
[Round "?"]
[White "Gonzaga22"]
[Black "Maltinho"]
[Result "0-1"]
[WhiteElo "2517"]
[BlackElo "2585"]
[PlyCount "24"]
[EventDate "2021.??.??"]
[EventType "blitz"]

1. e4 e5 2. Nf3 d5 3. Nc3 dxe4 4. Nxe4 f5 5. Ng3 e4 6. Ne5 Nf6 7. d4 Bd6 8. Bc4
Bxe5 9. dxe5 Qxd1+ 10. Kxd1 Ng4 11. Ke2 Nxe5 12. Bf4 Nxc4 {Normal} 0-1

[Event "Rated Blitz tournament H6qjm5C2"]
[Site "?"]
[Date "2021.04.25"]
[Round "?"]
[White "sr654"]
[Black "om_gendut"]
[Result "0-1"]
[WhiteElo "2405"]
[BlackElo "2436"]
[PlyCount "45"]
[EventDate "2021.??.??"]
[EventType "blitz"]

1. e4 e5 2. Nf3 d5 3. Bb5+ c6 4. Ba4 dxe4 5. Nxe5 Qd4 6. Nxf7 Kxf7 7. Bb3+ Be6
8. Qh5+ g6 9. Bxe6+ Kxe6 10. Qg4+ Kf7 11. O-O Nf6 12. Qe2 Bd6 13. Nc3 Re8 14.
Kh1 Qe5 15. g3 Nbd7 16. Qc4+ Kg7 17. d4 exd3 18. Qxd3 Nc5 19. Qc4 Nce4 20. Bf4
Qe6 21. Qxe6 Rxe6 22. Nxe4 Nxe4 23. Bxd6 {Normal} 0-1

[Event "Rated Blitz game"]
[Site "?"]
[Date "2021.04.25"]
[Round "?"]
[White "Pin30000"]
[Black "Lox22992"]
[Result "0-1"]
[WhiteElo "2217"]
[BlackElo "2627"]
[PlyCount "38"]
[EventDate "2021.??.??"]
[EventType "blitz"]

1. e4 e5 2. Nf3 d5 3. exd5 e4 4. Qe2 Qxd5 5. Nc3 Qe6 6. Qxe4 Qxe4+ 7. Nxe4 Nf6
8. Bd3 Nxe4 9. Bxe4 Nc6 10. Bxc6+ bxc6 11. Ne5 Bd7 12. Nxd7 Kxd7 13. Ke2 Re8+
14. Kf3 Bd6 15. Kg4 Re4+ 16. Kf5 Rf4+ 17. Kg5 f6+ 18. Kh5 g6+ 19. Kh6 Bf8# {
Normal} 0-1

[Event "Rated Blitz tournament PVv6ZL3B"]
[Site "?"]
[Date "2021.04.25"]
[Round "?"]
[White "Sherwoodman"]
[Black "VVV-31"]
[Result "1-0"]
[WhiteElo "2586"]
[BlackElo "2265"]
[PlyCount "89"]
[EventDate "2021.??.??"]
[EventType "blitz"]

1. e4 e5 2. Nf3 d5 3. exd5 Bd6 4. d4 e4 5. Nfd2 Nf6 6. c4 c5 7. dxc5 Bxc5 8.
Nb3 Bd6 9. Nc3 O-O 10. Be2 Bf5 11. Be3 Nbd7 12. O-O a6 13. c5 Be5 14. Bd4 Re8
15. c6 bxc6 16. dxc6 Nf8 17. Bxe5 Rxe5 18. Qxd8 Rxd8 19. Bxa6 Bc8 20. Bxc8 Rxc8
21. Nd4 Ne6 22. Ncb5 Nxd4 23. Nxd4 Rd5 24. Rfd1 g6 25. b4 e3 26. fxe3 Ne4 27.
b5 Nc3 28. Rdc1 Nxb5 29. a4 Nc7 30. a5 Ra8 31. Rcb1 Rdxa5 32. Rxa5 Rxa5 33. Rb7
Nd5 34. c7 Ra1+ 35. Kf2 Ra2+ 36. Kf3 Nxc7 37. Rxc7 Kg7 38. Ne6+ Kf6 39. Nd8 g5
40. Rxf7+ Kg6 41. Rd7 h5 42. h3 Ra1 43. Rd6+ Kf5 44. e4+ Ke5 45. Nf7# {Normal}
1-0